Central Library OPAC University of Rajshahi

A geography of Spain and Portugal / (Record no. 21674)

MARC details
000 -LEADER
fixed length control field 00818cam a22002651 4500
001 - CONTROL NUMBER
control field 21674
003 - CONTROL NUMBER IDENTIFIER
rucl marc code BD-RjUL
005 - DATE AND TIME OF LATEST TRANSACTION
control field 20211209000720.0
008 - FIXED-LENGTH DATA ELEMENTS--GENERAL INFORMATION
fixed length control field 140305s1962 enkabf b 001 0 eng
035 ## - SYSTEM CONTROL NUMBER
System control number (BD-RjUL)21739
System control number (OCoLC)396397
040 ## - CATALOGING SOURCE
Original cataloging agency DLC
Transcribing agency ODaWU
Modifying agency OCoLC
-- Uk
-- DLC
-- BD-RjUL
Language of cataloging eng
041 ## - LANGUAGE CODE
Language code of text/sound track or separate title eng
082 00 - DEWEY DECIMAL CLASSIFICATION NUMBER
Classification number 914.6
Author mark and year WAG 1962
100 1# - MAIN ENTRY--PERSONAL NAME
Personal name Way, Ruth.
9 (RLIN) 66939
245 12 - TITLE STATEMENT
Title A geography of Spain and Portugal /
Statement of responsibility, etc. by Ruth Way, assisted by Margaret Simmons.
260 ## - PUBLICATION, DISTRIBUTION, ETC. (IMPRINT)
Place of publication, distribution, etc. London :
Name of publisher, distributor, etc. Methuen,
Date of publication, distribution, etc. 1962.
300 ## - PHYSICAL DESCRIPTION
Pagination xi, 362 p. :
Illustrations illus., plates, maps. ;
Size 22 cm.
504 ## - BIBLIOGRAPHY, ETC. NOTE
Bibliography, etc Bibliography: p. 346-348 and index
651 #0 - SUBJECT ADDED ENTRY--GEOGRAPHIC NAME
Geographic name Spain
General subdivision Description and travel.
9 (RLIN) 64251
Geographic name Portugal
General subdivision Description and travel.
9 (RLIN) 66940
942 ## - ADDED ENTRY ELEMENTS (KOHA)
Source of classification or shelving scheme Dewey Decimal Classification
Koha item type Books
Holdings
Lost status Source of classification or shelving scheme Damaged status Not for loan Collection code Permanent Location Current Location Shelving location Date acquired Source of acquisition Cost, normal purchase price Total Checkouts Full call number Date last seen Copy number Koha item type
  Dewey Decimal Classification     Non-fiction Central Library, University of Rajshahi Central Library, University of Rajshahi   11/01/1973 Euro-Pak News Agency 71.50   914.6 WAG 1962 05/03/2014 C-3 Books